Statistics for New England Quiz

Click here to take the quiz!

General Stats

  • This quiz has been taken 44 times
  • The average score is 11 of 15

Answer Stats

HintAnswer% Correct
Most populated state, with a population of 6.812 millionMassachusetts
100%
Largest city, with a population of 685,094Boston
97%
Smallest state, with an area of 3144 square kilometersRhode Island
97%
number of states in the regionSix
97%
Least populated state, with a population of 624,600Vermont
97%
Largest state, with an area of 91,650 square kilometersMaine
95%
World-renowned American Football teamNew England Patriots
95%
Hooked shaped peninsula extending into the Atlantic oceanCape Cod
84%
Popular doughnut chain first opened in Quincy, MADunkin' Donuts
82%
Horror writer and producer born in Portland, MaineStephen King
79%
Tallest mountain, at 6288 ft above sea levelMount Washington
63%
Small island President Obama likes to spend his holiday onMartha's Vineyard
58%
National park located on Mount Desert Island in MaineAcadia
55%
Longest river in the region, at 665 km (407 miles)Connecticut River
29%
Best-selling shoe brand first set up in Malden, MAConverse
13%

Score Distribution

Percentile by Number Answered

Percent of People with Each Score

Your Score History

You have not taken this quiz